00362pab a2200121 454500008004000000100002000040245007300060260000900133300001200142362001400154650003800168773003400206180718b1983 xxu||||| |||| 00| 0 eng d aShiv, Myungsoon aPolitical protest and government decision - makingbKorea, 1945-1972 c1983 a395-416 aJan.-Feb. aDemonstrations, Political - Korea aAmerican Behavioral Scientist